MARC

LEADER 00000nam0a2200000 4500
001 284374
005 20231101235704.0
020 |a RU  |b 85-25575 
035 |a (RuTPU)RU\TPU\book\308529 
090 |a 284374 
100 |a 20150213d1985 km y0rusy5003 ca 
101 0 |a rus 
102 |a TJ 
105 |a y z 001zy 
200 1 |a Борогидриды переходных металлов  |f У. Мирсаидов, Т. Н. Дымова  |g Академия наук Таджикской ССР (АН ТадССР), Институт химии ; под ред. Т. Н. Кузнецова 
210 |a Душанбе  |c Дониш  |d 1985 
215 |a 123 с. 
320 |a Библиогр.: с. 113-114 
606 1 |a Металлы переходные, гидриды  |x Химия  |2 stltpush  |3 (RuTPU)RU\TPU\subj\75065  |9 86946 
610 1 |a борогидриды 
610 1 |a химические реакции 
610 1 |a структура 
610 1 |a применение 
610 1 |a неорганический синтез 
675 |a 546.302  |v 3 
700 1 |a Мирсаидов  |b У.  |g Ульмас  |4 070 
701 1 |a Дымова  |b Т. Н.  |g Татьяна Николаевна  |4 070 
702 1 |a Кузнецов  |b Т. Н.  |4 340 
712 0 2 |a Академия наук Таджикской ССР (АН ТадССР)  |b Институт химии  |2 stltpush  |3 (RuTPU)RU\TPU\col\3285 
801 0 |a RU  |b RuMRKP  |c 19950704  |g psbo 
801 1 |a RU  |b 63413507  |c 20150213 
801 2 |a RU  |b 63413507  |c 20171005  |g RCR 
942 |c BK